Central Library OPAC University of Rajshahi

Industrial administration and management / (Record no. 15231)

MARC details
000 -LEADER
fixed length control field 00777nam a22002652a 4500
001 - CONTROL NUMBER
control field 15231
003 - CONTROL NUMBER IDENTIFIER
rucl marc code BD-RjUL
005 - DATE AND TIME OF LATEST TRANSACTION
control field 20211208235756.0
008 - FIXED-LENGTH DATA ELEMENTS--GENERAL INFORMATION
fixed length control field 140209t1969 enkak b 001 0 eng d
020 ## - INTERNATIONAL STANDARD BOOK NUMBER
International Standard Book Number 0712109250
035 ## - SYSTEM CONTROL NUMBER
System control number (BD-RjUL)15285
040 ## - CATALOGING SOURCE
Original cataloging agency DLC
Transcribing agency DLC
Modifying agency UKM
-- EQO
-- BD-RjUL
Language of cataloging eng
041 ## - LANGUAGE CODE
Language code of text/sound track or separate title eng
082 04 - DEWEY DECIMAL CLASSIFICATION NUMBER
Classification number 658
Author mark and year BAI 1969
100 1# - MAIN ENTRY--PERSONAL NAME
Personal name Batty, J.
Fuller form of name (Joseph),
Dates associated with a name 1929-
9 (RLIN) 46821
245 10 - TITLE STATEMENT
Title Industrial administration and management /
Statement of responsibility, etc. by J. Batty
250 ## - EDITION STATEMENT
Edition statement 2nd ed
260 ## - PUBLICATION, DISTRIBUTION, ETC. (IMPRINT)
Place of publication, distribution, etc. London :
Name of publisher, distributor, etc. Macdonald & Evans,
Date of publication, distribution, etc. 1969.
300 ## - PHYSICAL DESCRIPTION
Pagination xvi, 560 p. :
Illustrations illus., forms. ;
Size 23 cm.
504 ## - BIBLIOGRAPHY, ETC. NOTE
Bibliography, etc includes Bibliographical reference and index.
650 #0 - SUBJECT ADDED ENTRY--TOPICAL TERM
Topical term or geographic name as entry element Industrial management
9 (RLIN) 47355
942 ## - ADDED ENTRY ELEMENTS (KOHA)
Source of classification or shelving scheme Dewey Decimal Classification
Koha item type Books
Holdings
Lost status Source of classification or shelving scheme Damaged status Not for loan Collection code Permanent Location Current Location Shelving location Date acquired Source of acquisition Cost, normal purchase price Total Checkouts Full call number Date last seen Copy number Koha item type
  Dewey Decimal Classification     Non-fiction Central Library, University of Rajshahi Central Library, University of Rajshahi   17/07/1973 Mullick Brothers 16.50   658 BAI 1969 09/02/2014 C-3 Books
  Dewey Decimal Classification   Not For Loan Non-fiction Central Library, University of Rajshahi Central Library, University of Rajshahi Reading Room 17/07/1973 Mollick Brathers , Dhaka 16.50   658 BAI 1969 11/04/2019 C-1 Books
  Dewey Decimal Classification     Non-fiction Central Library, University of Rajshahi Central Library, University of Rajshahi   17/07/1973 Mollick Brathers , Dhaka 16.50   658 BAI 1969 11/04/2019 C-2 Books